000 00493nam a2200169Ia 4500
005 20250923145210.0
008 008 250917s9999 xx 000 0 eng d
037 _aTextual
040 _aDSWL
_beng
_cDSWL
041 _aeng
_2eng
084 _qDSWL
245 0 _aGuide to community development
_cby Ministry of Community Development
260 _bGovt. Of India, Ministry of Community Development
_c1957
300 _aiii,246p.
942 _cTEXL
999 _c1448369
_d1448369